| 000 | 02174nam a22004451i 4500 | ||
|---|---|---|---|
| 001 | ebr10777890 | ||
| 003 | CaPaEBR | ||
| 006 | m o d | ||
| 007 | cr cn||||||||| | ||
| 008 | 131101s2013 sz a ob 101 0 eng d | ||
| 020 | _z9783037858066 | ||
| 020 | _a9783038261872 (e-book) | ||
| 040 |
_aCaPaEBR _beng _erda _epn _cCaPaEBR |
||
| 035 | _a(OCoLC)868961291 | ||
| 050 | 1 | 4 |
_aTJ211 _b.A368 2013eb |
| 245 | 0 | 0 |
_aAdvanced research on architectonics and materials : _bselected, peer reviewed papers from the III 2013 3rd International Conference on Automation, Communication, Architectonics and Materials (ACAM 2013), May 25-26, 2013, Beijing, China / _cedited by Helen Zhang, David Jin, and X. J. Zhao. |
| 246 | 3 | 0 | _aACAM 2013 |
| 246 | 3 | 0 | _a2013 3rd International Conference on Automation, Communication, Architectonics and Materials |
| 246 | 3 | 0 | _a3rd International Conference on Automation, Communication, Architectonics and Materials |
| 264 | 1 |
_aDurnten-Zurich : _bTrans Tech Publications, Inc., _c[2013] |
|
| 264 | 4 | _c�2013 | |
| 300 |
_a1 online resource (320 pages) : _billustrations. |
||
| 336 |
_atext _2rdacontent |
||
| 337 |
_acomputer _2rdamedia |
||
| 338 |
_aonline resource _2rdacarrier |
||
| 490 | 1 |
_aAdvanced materials research, _x1662-8985 ; _vVol. 738 |
|
| 504 | _aIncludes bibliographic references and indexes. | ||
| 588 | _aDescription based on online resource; title from PDF title page (ebrary, viewed November 01, 2013). | ||
| 590 | _aElectronic reproduction. Palo Alto, Calif. : ebrary, 2013. Available via World Wide Web. Access may be limited to ebrary affiliated libraries. | ||
| 650 | 0 |
_aRobotics _vCongresses. |
|
| 650 | 0 |
_aAutomatic control _vCongresses. |
|
| 655 | 0 | _aElectronic books. | |
| 700 | 1 | _aZhang, Helen. | |
| 700 | 1 | _aJin, David. | |
| 700 | 1 | _aZhao, X. J. | |
| 711 | 2 |
_aInternational Conference on Automation, Communication, Architectonics and Materials _n(3rd : _d2013 : _cBeijing, China) |
|
| 797 | 2 | _aebrary. | |
| 830 | 0 |
_aAdvanced materials research ; _vv. 738. |
|
| 856 | 4 | 0 |
_uhttp://site.ebrary.com/lib/rucke/Doc?id=10777890 _zAn electronic book accessible through the World Wide Web; click to view |
| 999 |
_c131429 _d131429 |
||